000 00609nam a2200205Ii 4500
003 JO-AjNU
008 230606s9999||||xx |||||||||||||| ||und||
020 _a978-81-203-00
040 _aJO-AjNU
_beng
_erda
_cJO-AjNU
041 _aeng
050 1 4 _aQA76.9.C65 D46.2010
100 3 _aDeo,Narsingh,
_eauthor
_9730
245 0 0 _aSystem SimulationWith Digital Computer
264 3 1 _aPHILEARNING PRIVATE LIMITED:NEWDELHI,2010
300 _a200p
336 _atext
_btxt
_2rdacontent
337 _aunmediated
_bn
_2rdamedia
338 _avolume
_bnc
_2rdacarrier
650 4 _a Digital computer simulation. 
_9731
999 _aE384
_c384
_d384